<?xml version="1.0" encoding="UTF-8"?>
<collection xmlns:xsi="http://www.w3.org/2001/XMLSchema-instance" xsi:schemaLocation="http://www.loc.gov/MARC21/slim http://www.loc.gov/standards/marcxml/schema/MARC21slim.xsd" xmlns="http://www.loc.gov/MARC21/slim">
 <record>
  <leader>00000cam a22000003i 4500</leader>
  <controlfield tag="001">UP-1685594773862177443</controlfield>
  <controlfield tag="003">Buklod</controlfield>
  <controlfield tag="005">20190618111327.0</controlfield>
  <controlfield tag="006">g||| |     ||   ||</controlfield>
  <controlfield tag="007">ta</controlfield>
  <controlfield tag="008">190618s2018    enka    rb   |||1 u|eng d</controlfield>
  <datafield tag="020" ind1=" " ind2=" ">
   <subfield code="a">9781138083813 (hbk.)</subfield>
  </datafield>
  <datafield tag="035" ind1=" " ind2=" ">
   <subfield code="a">(iLib)UPBAG-00034086411</subfield>
  </datafield>
  <datafield tag="037" ind1=" " ind2=" ">
   <subfield code="a">BC-71056</subfield>
   <subfield code="b">Forefront Book Co., Inc.</subfield>
   <subfield code="c">Php11,878.00</subfield>
   <subfield code="n">CAC Faculty</subfield>
  </datafield>
  <datafield tag="040" ind1=" " ind2=" ">
   <subfield code="a">OCLC</subfield>
   <subfield code="d">BAG</subfield>
   <subfield code="e">rda</subfield>
  </datafield>
  <datafield tag="041" ind1="0" ind2=" ">
   <subfield code="a">eng</subfield>
  </datafield>
  <datafield tag="090" ind1=" " ind2="0">
   <subfield code="a">G 156.5 S87</subfield>
   <subfield code="b">S87 2018</subfield>
  </datafield>
  <datafield tag="245" ind1="0" ind2="0">
   <subfield code="a">Sustainable tourism and indigenous peoples</subfield>
   <subfield code="c">edited by Anna Carr, Lisa Ruhanen, Michelle Whitford and Bernard Lane.</subfield>
  </datafield>
  <datafield tag="264" ind1=" " ind2="1">
   <subfield code="a">Abingdon, Oxon, [England]</subfield>
   <subfield code="b">Routledge</subfield>
   <subfield code="c">2018.</subfield>
  </datafield>
  <datafield tag="300" ind1=" " ind2=" ">
   <subfield code="a">xiii, 317 pages</subfield>
   <subfield code="b">illustrations</subfield>
   <subfield code="c">26 cm</subfield>
  </datafield>
  <datafield tag="336" ind1=" " ind2=" ">
   <subfield code="a">text</subfield>
   <subfield code="2">rdacontent</subfield>
  </datafield>
  <datafield tag="337" ind1=" " ind2=" ">
   <subfield code="a">unmediated</subfield>
   <subfield code="2">rdamedia</subfield>
  </datafield>
  <datafield tag="338" ind1=" " ind2=" ">
   <subfield code="a">volume</subfield>
   <subfield code="2">rdacarrier</subfield>
  </datafield>
  <datafield tag="504" ind1=" " ind2=" ">
   <subfield code="a">Includes bibliographical references and index.</subfield>
  </datafield>
  <datafield tag="505" ind1="0" ind2=" ">
   <subfield code="a">Indigenous peoples and tourism: the challenges and opportunities for sustainable tourism / Anna Carr, Lisa Ruhanen and Michelle Whitford -- Indigenous tourism research, past and present: where to from here? / Michelle Whitford and Lisa Ruhanen -- Factors influencing Indigenous engagement in tourism development: an international perspective / Campbell Fletcher, Christof Pforr and Martin Brueckner -- A review of Indigenous tourism in Latin America: reflections on an anthropological study of Guna tourism (Panama) / Xerardo Pereiro -- Exploring outcomes of community-based tourism on the Kokoda Track, Papua New Guinea: a longitudinal study of Participatory Rural Appraisal techniques / Amy Reggers, Simone Grabowski, Stephen L Wearing, Paul Chatterton and Stephen Schweinsberg -- Sustaining local language relationships through indigenous community-based tourism initiatives / Kelly Whitney-Squire -- Creating an Indigenized visitor code of conduct: the development of Denesoline self-determination for sustainable tourism / Allison P. Holmes, Bryan S.R. Grimwood, Lauren J. King and the Lutsel K'e Dene First Nation -- Integrating Indigenous values with capitalism through tourism: Alaskan experiences and outstanding issues / Kevin Hillmer-Pegram -- Contradictions of capitalism in the South African Kalahari: Indigenous Bushmen, their brand and baasskap in tourism / Stasja Patoelja Koot -- Hegemonic and emerging concepts of conservation: a critical examination of barriers to incorporating Indigenous perspectives in protected area conservation policies and practice / John Shultis and Susan Heffner -- Moving beyond sense of place to care of place: the role of Indigenous values and interpretation in promoting transformative change in tourists' place images and personal values / Kaye Walker and Gianna Moscardo -- The role of self-gentrification in sustainable tourism: Indigenous entrepreneurship at Honghe Hani Rice Terraces World Heritage Site, China / Jin Hooi Chan, Katia Iankova, Ying Zhang, Tom McDonald and Xiaoguang Qi -- Sustaining spirit: a review and analysis of an urban Indigenous Australian cultural festival / Freya Higgins-Desbiolles -- Beyond whiteness: a comparative analysis of representations of Aboriginality in tourism destination images in New South Wales, Australia / Beverley Seiver and Amie Matthews -- Sustainability and Indigenous tourism insights from social media: worldview differences, cultural friction and negotiation / Muchazondida Mkono -- Knowledge dialogue through Indigenous tourism product design: a collaborative research process with the Lacandon of Chiapas, Mexico / Pilar Espeso-Molinero, Sheena Carlisle and Maria Jose Pastor-Alfonso -- Domestic demand for Indigenous tourism in Australia: understanding intention to participate / Trinidad Espinosa Abascal, Martin Fluker and Min Jiang.</subfield>
  </datafield>
  <datafield tag="520" ind1=" " ind2=" ">
   <subfield code="a">This book provides a comprehensive, detailed and insight rich review of both the positive (capacity building, cultural conservation and economic opportunities) and negative (commodification, cultural change and possible loss of ownership and control) aspects of tourism development in indigenous communities. The relationship between tourism and indigenous people provides the ultimate test of sustainable tourism as a concept for tourism management and cultural conservation. The chapters range geographically from Central and North America, through Africa, and Asia to Australia. Issues covered include governance and engagement, research, minority language issues, visitor codes of conduct, trail development, Indigenous product design, Indigenous urban festivals, Indigenous values and capitalism, gentrification, heritage interpretation, marketing, demand, world views and representation. This book was originally published as a special issue of the Journal of Sustainable Tourism.</subfield>
  </datafield>
  <datafield tag="650" ind1=" " ind2="0">
   <subfield code="a">Sustainable tourism.</subfield>
  </datafield>
  <datafield tag="650" ind1=" " ind2="0">
   <subfield code="a">Indigenous peoples.</subfield>
  </datafield>
  <datafield tag="700" ind1="1" ind2=" ">
   <subfield code="a">Thompson-Carr, Anna</subfield>
   <subfield code="e">editor.</subfield>
  </datafield>
  <datafield tag="700" ind1="1" ind2=" ">
   <subfield code="a">Ruhanen, Lisa</subfield>
   <subfield code="e">editor.</subfield>
  </datafield>
  <datafield tag="700" ind1="1" ind2=" ">
   <subfield code="a">Whitford, Michelle</subfield>
   <subfield code="e">editor.</subfield>
  </datafield>
  <datafield tag="700" ind1="1" ind2=" ">
   <subfield code="a">Lane, Bernard, 1944-</subfield>
   <subfield code="e">editor.</subfield>
  </datafield>
  <datafield tag="905" ind1=" " ind2=" ">
   <subfield code="a">FO</subfield>
  </datafield>
  <datafield tag="852" ind1="0" ind2=" ">
   <subfield code="a">UPBAG</subfield>
   <subfield code="b">UPBAG-MAIN</subfield>
   <subfield code="h">G 156.5 S87 S87 2018</subfield>
  </datafield>
  <datafield tag="942" ind1=" " ind2=" ">
   <subfield code="a">Book</subfield>
  </datafield>
 </record>
</collection>
